UM Logo

Strategic human resource management/ (Record no. 4924)

MARC details
000 -LEADER
fixed length control field 01024cam a22002774a 4500
001 - CONTROL NUMBER
control field 12102325
005 - DATE AND TIME OF LATEST TRANSACTION
control field 20160930111248.0
008 - FIXED-LENGTH DATA ELEMENTS--GENERAL INFORMATION
fixed length control field 000711s2001 njua b 001 0 eng
010 ## - LIBRARY OF CONGRESS CONTROL NUMBER
LC control number 00058863
020 ## - INTERNATIONAL STANDARD BOOK NUMBER
International Standard Book Number 0130279501
040 ## - CATALOGING SOURCE
Original cataloging agency DLC
Transcribing agency DLC
Modifying agency DLC
042 ## - AUTHENTICATION CODE
Authentication code pcc
050 00 - LIBRARY OF CONGRESS CALL NUMBER
Classification number HF5549
Item number .G6924 2001
082 00 - DEWEY DECIMAL CLASSIFICATION NUMBER
Classification number DC 658.3
Edition number 2001
Item number G85s
100 1# - MAIN ENTRY--PERSONAL NAME
Personal name Greer, Charles R.
245 10 - TITLE STATEMENT
Title Strategic human resource management/
Statement of responsibility, etc. Charles R. Greer.
250 ## - EDITION STATEMENT
Edition statement 2nd edition
260 ## - PUBLICATION, DISTRIBUTION, ETC. (IMPRINT)
Place of publication, distribution, etc. Upper Saddle River, N.J.:
Name of publisher, distributor, etc. Prentice Hall,
Date of publication, distribution, etc. c2001.
300 ## - PHYSICAL DESCRIPTION
Extent xix, 348 pages:
Other physical details illustrations;
Dimensions 23 cm.
500 ## - GENERAL NOTE
General note Rev. ed. of: Strategy and human resources. c1995.
504 ## - BIBLIOGRAPHY, ETC. NOTE
Bibliography, etc Includes bibliographical references and index.
650 #0 - SUBJECT ADDED ENTRY--TOPICAL TERM
Topical term or geographic name as entry element Personnel management.
906 ## - LOCAL DATA ELEMENT F, LDF (RLIN)
a 7
b cbc
c orignew
d 1
e ocip
f 20
g y-gencatlg
942 ## - ADDED ENTRY ELEMENTS (KOHA)
Source of classification or shelving scheme Dewey Decimal Classification
Koha item type Circulation
Holdings
Withdrawn status Lost status Source of classification or shelving scheme Damaged status Not for loan Collection code Home library Current library Date acquired Source of acquisition Total Checkouts Full call number Barcode Date last seen Copy number Price effective from Koha item type
    Dewey Decimal Classification     Circulation UM Digos College - LIC UM Digos College - LIC 10/27/2004 Photocopied   DC 658.3 G85s 2001 17865 06/08/2021 3 10/01/2016 Circulation